00291pab a2200109 454500008003600000100001400036245004200050650002000092650002200112650002700134773002000161180718b xxu||||| |||| 00| 0 eng d aSahoy, S. aThe Attorney - General - what a fall? a Ramaswamay, G. a Attorney General aJustice Administration aHindustan Times